Statistics for Anime by Description

Click here to take the quiz!

General Stats

  • This quiz has been taken 7,934 times
  • The average score is 8 of 19

Answer Stats

HintAnswer% Correct
Kira uses a notebook to kill those whose names are written in itDeath Note
91%
Goku and friends fight to save the earthDragon Ball Z
91%
The Elric Brothers gain alchemic powers at the cost of their bodiesFullmetal Alchemist
89%
Kirito and Asuna fight through a virtual reality game where death is actually deadlySword Art Online
86%
Extremely short and fierce Taiga struggles with love and acceptanceToradora
59%
Five wayward childhood friends along with the ghost of one who died reunite in memory of herAno hi mita hana no namae o bokutachi wa mada shiranai
50%
A group of friends develop a machine to send texts to the past and fight the evil SERNSteins Gate
45%
Onizuka strives to become Japan's greatest teacherGreat Teacher Onizuka
39%
Magi use Heroic Spirits to fight for the Holy GrailFate Zero
34%
Chihiro/Sen works in the bathhouse of the godsSpirited Away
31%
Dr. Tenma hunts down a murderer named JohanMonster
26%
Chaos ensues when gangsters, murderers, and thieves interact on a trainBaccano!
25%
Two orphaned children attempt to survive through World War IIGrave of the Fireflies
22%
Two young girls discover woodland creatures near their countryside homeMy Neighbor Totoro
18%
A dating sim gamer has to capture girls' hearts to free them from spiritsThe World God only Knows
16%
Robots emerging from a forehead, a Vespa, Seaweed eyebrows, and an enormous hand describes only some of this show's extreme wackinessFuri Kuri
14%
A hikikomori is paranoid about conspiraciesWelcome to the NHK
14%
A god-like high school girl forms the SOS BrigadeThe Melancholy of Suzumiya Haruhi
11%
Harima and Tenma headline this comedy of high school hijinksSchool Rumble
9%

Score Distribution

Percentile by Number Answered

Percent of People with Each Score

Your Score History

You have not taken this quiz